Government and business: the system of administrative controls (Record no. 498246)

000 -LEADER
fixed length control field 00386cam a22001217a 4500
008 - FIXED-LENGTH DATA ELEMENTS--GENERAL INFORMATION
fixed length control field 180718b1972 xxu||||| |||| 00| 0 eng d
082 ## - DEWEY DECIMAL CLASSIFICATION NUMBER
Classification number Ux54 In2
100 ## - MAIN ENTRY--PERSONAL NAME
Personal name Sengupta, N.K.
245 ## - TITLE STATEMENT
Title Government and business: the system of administrative controls
Statement of responsibility, etc. by N.K. Sengupta
260 ## - PUBLICATION, DISTRIBUTION, ETC.
Place of publication, distribution, etc. New Delhi
Name of publisher, distributor, etc. Department of Personnel
Date of publication, distribution, etc. 1972
300 ## - PHYSICAL DESCRIPTION
Extent 42p
700 ## - ADDED ENTRY--PERSONAL NAME
Personal name India. Department of Personnel
Holdings
Withdrawn status Lost status Damaged status Not for loan Permanent Location Current Location Date acquired Full call number Barcode Date last seen Price effective from Koha item type
        Indian Institute of Public Administration Indian Institute of Public Administration 2018-08-04 Ux54 In2 GG13223 2018-08-04 2018-08-04 GG

Powered by Koha